000 00383nam a2200145Ia 4500
005 20251222152034.0
008 251222s9999||||xx |||||||||||||| ||spa||
020 _a9786124118272
082 _a343.8/V66
100 _aVillanueva Barrón, Clara
245 0 _aManual de Infracciones y Sanciones Tributarias 2012
250 _a1ra. ed.
264 _bPacífico Editores
942 _cLIB
999 _c25771
_d25771